00261nam a22001097a 4500040000900000082002500009100002500034245004900059260002100108300001500129521000700144 cNUST 22nda624.183412bGIL aGilbert Raymond lan  aDesign of prestressed concrete to eurocode 2 bCRC Press c2017 bHB,ill,665 aPB